| 000 | 00730nam a2200253Ia 4500 | ||
|---|---|---|---|
| 003 | OSt | ||
| 005 | 20221006153701.0 | ||
| 006 | a|||||r|||| 00| 0 | ||
| 007 | ta | ||
| 008 | 221006b |||||||| |||| 00| 0 eng d | ||
| 020 | _a0333964330 | ||
| 024 | _a33,051 | ||
| 037 | _cAnnuals, Advances | ||
| 040 |
_aEASL _cEASL _beng |
||
| 041 |
_2eng _aeng |
||
| 082 | _aX.42Oj49B, P2 | ||
| 100 |
_aKelly Dominic Au. _9664950 |
||
| 245 | 0 | _aJapan and the reconstruction of East Asia | |
| 260 |
_aHampshire _bPalgrave _c2002 |
||
| 300 |
_axiii,240p. _ccm. |
||
| 490 |
_v JEL _aInternational Politcal Economy Series |
||
| 942 |
_hX.42Oj49B, P2 _cREF _2CC |
||
| 999 |
_c1101137 _d1101137 |
||